000 00486nam a2200181Ia 4500
005 20250326125532.0
008 250326s9999 xx 000 0 und d
037 _aTextbook
040 _aFMSL
_beng
_cFMSL
041 _aeng
_2eng
084 _aS13 K6;1
_qFMSL
100 _aLang R D
_9739249
245 0 _aInterpersponal perception
_cLang R D; Lee A R
260 _aNY
_bNY, Harper & Row
_c1966
300 _a230p
942 _cTB
_hS13 K6;1
999 _c1278469
_d1278469